00839nam a2200157 i 4500001000700000003000900007005001700016008004100033100004600074245023000120260005100350300002100401650003300422710003800455852018800493189618ES-MaACL20250626063224.0190703s1866 fr |||| | fre d1 aÉlie de Beaumont, Léonce, d1798-187410aTableau des données numériques b: qui fixent, sur la surface de la France et des contrées limitrophes, les points où se coupent mutuellement vingt-neuf cercles du réseau pentagonal / cpar M. L. Élie de Beaumont. aParis : bGauthier-Villars, Imp.-Lib., c1866. a44 p. ; c27 cm. 4aProyección cartográfica.2 aAcadémie des sciences (Francia) aES-MaACLjL-32451(4) z- Enc. cart. z. - Legado Federico de Botella y de Hornos z- Enc. en un vol. facticio, con tít. en el lomo de: Rapport sur les progrés de la stratigraphie